000
00341nam a2200157Ia 4500
003
OSt
005
20240101100218.0
008
170524s9999 xx 000 0 und d
020
_a
9788126508334
040
_c
IIMTU
100
_a
Pratt Timothy
245
0
_a
SATELLITE COMMUNICATIONS
260
_b
Wiley
260
_c
2011
942
_2
ddc
_c
02
999
_c
6018
_d
6018